| 000 | 02536cam a22005774i 4500 | ||
|---|---|---|---|
| 003 | PE-LiUPU | ||
| 005 | 20250731180133.0 | ||
| 008 | 150625s r 000 0 d | ||
| 035 | _a(Sirsi) a37548 | ||
| 040 |
_aPE-LiUPU _bspa _cPE-LiUPU _erda |
||
| 082 | 0 | 4 |
_a551.48 _bV68 _221 |
| 100 | 1 |
_aVillón Béjar, Máximo, _eautor. |
|
| 245 | 1 | 0 |
_aHidrología / _cMáximo Villón Béjar. |
| 250 | _a2a. | ||
| 264 | 1 |
_aCartago, Costa Rica : _bMaxsoft, _c2002. |
|
| 300 |
_a433 páginas : _bilustraciones ; _c21 cm. |
||
| 336 |
_atext _2rdacontent |
||
| 337 |
_aunmediated _2rdamedia |
||
| 338 |
_avolume _2rdacarrier |
||
| 504 | _aIncluye bibliografía. | ||
| 505 | 0 | _aDefinición de hidrología. -La cuenca hidrológica. -Precipitación. -Escurrimiento. -Hidrogramas. -Caudales máximos. -Evaporización. -Agua subterránea. -Hec - Hms. | |
| 526 | _aSEG44 | ||
| 526 | _aSEG26 | ||
| 526 | _aP159 | ||
| 526 | _aP155 | ||
| 526 | _aP154 | ||
| 526 | _aP153 | ||
| 526 | _aP150 | ||
| 526 | _aP100 | ||
| 526 | _aP31 | ||
| 526 | _aP30 | ||
| 526 | _aP26 | ||
| 526 | _aP25 | ||
| 526 | _aP24 | ||
| 526 | _aP22 | ||
| 526 | _aP15 | ||
| 526 | _aP10 | ||
| 541 | _g001-008091; | ||
| 541 | _g015-0013463; | ||
| 541 | _g001-0035385; | ||
| 650 | 0 | 4 | _aHidrología. |
| 910 |
_agl _bjv _cng _d20060823 |
||
| 942 |
_2ddc _cBOOK |
||
| 949 |
_a551.48 V68 _wDEWEY _c1 _i56528 _lCCODEBUL1 _mBUL _p7.00 _r0 _sY _tBOOK _u2015-06-25 _xINGENIERIA _zUNKNOWN _0COMPRA _o.STAFF. Colección General |
||
| 949 |
_a551.48 V68 _wDEWEY _c2 _i63818 _lCCODEBUL1 _mBUL _p11.00 _r0 _sY _tBOOK _u2015-06-25 _xINGENIERIA _PP24 _0COMPRA _o.STAFF. Colección General |
||
| 949 |
_a551.48 V68 _wDEWEY _c3 _i64986 _lCCODEBUL1 _mBUL _p13.00 _r0 _sY _tBOOK _u2015-06-25 _xINGENIERIA _PP24 _0COMPRA _o.STAFF. Colección General |
||
| 596 | _a1 | ||
| 999 |
_a551.48 V68 _wDEWEY _c45736 _i56528 _d45736 _e2019-10-18 _f2021-11-9 _g7 _lCCODEBUL1 _mBUL _n17 _p7.00 _q6 _r0 _sY _tBOOK _u2015-6-25 _xINGENIERIA _zUNKNOWN _0COMPRA _o.STAFF. Colección General |
||
| 999 |
_a551.48 V68 _wDEWEY _c2 _i63818 _d2019-9-1 _e2019-8-26 _f2019-12-11 _g6 _lDISCARD _mBUL _n10 _p11.00 _q2 _r0 _sN _tBOOK _u2015-6-25 _xINGENIERIA _PP24 _0COMPRA _o.STAFF. Colección General |
||
| 999 |
_a551.48 V68 _wDEWEY _c3 _i64986 _d2019-9-2 _e2019-3-25 _f2019-12-11 _g6 _lDISCARD _mBUL _n12 _p13.00 _q6 _r0 _sY _tBOOK _u2015-6-25 _xINGENIERIA _PP24 _0COMPRA _o.STAFF. Colección General |
||
| 980 |
_81 _gALBERTO SANCHEZ Responsable de Automatización |
||